000 00397nam a2200181Ia 4500
003 0STCL
008 150530s9999 xx 000 0 und d
040 _aSTCL
_cSTCL
100 _aKunnath Janardana Menon
245 _aMahakavi V C Balakrishnan Paniker
250 _a1
260 _c0
300 _a0
546 _aMalayalam
942 _2ddc
_cBK
999 _c82558
_d82558
005 20220125171822.0